000 00949nam a2200253 i 4500
001 189252
003 SpMaBN
005 20250829034732.0
008 190430s1990 sp |||| | spa d
020 _a84-7175-294-8
080 _a821.111(73)-32"18"
100 1 _aLondon, Jack,
_d1876-1916
_973218
245 1 3 _aEl labrador marino /
_cJack London.
260 _aBarcelona :
_bEdiciones 29,
_c[1990]
300 _a142 p. ;
_c19 cm.
490 1 _aGrandes autores
490 1 _aLibros río nuevo
505 8 _aContiene también: ;
_tLa princesa ;
_tA bordo del "Francis Spaight" (un relato auténtico) ;
_tUna redada entre los pescadores furtivos ;
_tLas terribles Salomón ;
_tUn hijo del sol
830 0 0 _aGrandes autores (Ediciones 29)
_9193271
830 0 0 _aLibros río nuevo
_9193272
852 _aES-MaACL
_jA-14542
_9 196390
_bR.152126
_cDEPO1
_dOlim: N-7542
_hDonacion: Editorial
942 _2udc
999 _c189252
_d189252